| 000 | 00000nam##2200000za#4500 |
| 001 | 9.676494 |
| 003 | CaOODSP |
| 005 | 20210624225904 |
| 007 | cr ||||||||||| |
| 008 | 150407|2013||||xxc|||||o f|0| 0 fre|d |
| 020 | |a978-1-100-54517-2 |
| 040 | |aCaOODSP|bfre |
| 041 | |aeng |
| 041 | |afre |
| 043 | |an-cn--- |
| 086 | 1 |aR3-172/1-2012-PDF |
| 110 | 1 |aCanada. |bAffaires autochtones et développement du Nord Canada. |
| 245 | 10|aVitrail au Parlement commémorant les séquelles des pensionnats indiens : |h[ressource électronique]|blivre à colorier |
| 260 | |aOttawa - Ontario : |bAffaires autochtones et Développement du Nord Canada |cc2013. |
| 300 | |a17p.|bill. |
| 590 | |a15-13|b2015-03-27 |
| 791 | |tStained glass window in Parliament commemorating the legacy of Indian residential schools : |eeng|w(CaOODSP)9.676493 |
| 856 | 40|ahttp://publications.gc.ca|qPDF|s6.56 Mo|uhttps://publications.gc.ca/collections/collection_2015/aadnc-aandc/R3-172-1-2012.pdf |
| 986 | |aQS-6292-000-EE-A1 |